Green logistics : (Record no. 26619)

000 -LEADER
fixed length control field 00778cam a2200205 a 4500
008 - FIXED-LENGTH DATA ELEMENTS--GENERAL INFORMATION
fixed length control field 120517s2012 enka b 001 0 eng
020 ## - INTERNATIONAL STANDARD BOOK NUMBER
International Standard Book Number 9780749466251
Terms of availability Rs895.00
041 0# - LANGUAGE CODE
Language code of text/sound track or separate title eng
082 00 - DEWEY DECIMAL CLASSIFICATION NUMBER
Edition number 23
Classification number 658.70286
Item number M1586
245 00 - TITLE STATEMENT
Title Green logistics :
Remainder of title improving the environmental sustainability of logistics /
250 ## - EDITION STATEMENT
Edition statement 2nd ed.
260 ## - PUBLICATION, DISTRIBUTION, ETC. (IMPRINT)
Place of publication, distribution, etc London ;
-- Philadelphia :
Name of publisher, distributor, etc Kogan Page,
Date of publication, distribution, etc c2012.
300 ## - PHYSICAL DESCRIPTION
Extent xiv, 377 p. :
Other physical details ill. ;
Dimensions 24 cm.
504 ## - BIBLIOGRAPHY, ETC. NOTE
Bibliography, etc Includes bibliographical references and index.
650 #0 - SUBJECT ADDED ENTRY--TOPICAL TERM
Topical term or geographic name as entry element Business logistics
General subdivision Environmental aspects.
700 1# - ADDED ENTRY--PERSONAL NAME
Personal name McKinnon, Alan C.,
Dates associated with a name 1953-
Relator term editor
Personal name Browne, Michael
Relator term editor
Personal name Whiteing, Anthony E.,
Dates associated with a name 1954-
Relator term editor
942 ## - ADDED ENTRY ELEMENTS (KOHA)
Item type Books
Holdings
Withdrawn status Lost status Source of classification or shelving scheme Damaged status Not for loan Permanent location Current location Shelving location Date acquired Source of acquisition Cost, normal purchase price Full call number Barcode Date last seen Cost, replacement price Koha item type Total Checkouts Total Renewals Date last borrowed
          IMU Kolkata IMU Kolkata Reference 2023-06-22 4 596.69 658.70286 M1586 14046 2023-06-22 895.00 Books      
          IMU Kolkata IMU Kolkata   2023-06-22 4 596.69 658.70286 M1586 14047 2024-05-27 895.00 Books 5 4 2024-04-24
          IMU Kolkata IMU Kolkata   2023-06-22 4 596.69 658.70286 M1586 14048 2024-12-04 895.00 Books 1   2023-06-26
Designed and Maintained by IMU-KC Library, Kolkata Campus © Copyright All Rights Reserved

webs counters

Powered by Koha